| 000 | 01696nam a22001097a 4500 | ||
|---|---|---|---|
| 008 | 150914b xxu||||| |||| 00| 0 eng d | ||
| 100 | _aMichel | ||
| 245 | _aMichel Postgebuhren-Handbuch Deutschland | ||
| 260 |
_aMunich, Germany _bSchwaneberger Verlag GmbH _c2004 |
||
| 500 | _3Text in German: Michel postal rate handbook of Germany. Includes index. Includes blank pages for notes. | ||
| 650 | _aGermany | Postal Rates | German States | Thurn and Taxis, House of | German Colonies | Offices Abroad | Plebiscites | Post World War I | Post World War II | Allied Occupation | Germany, West (1949-1990) | Germany, East (1949-1990) | West Berlin (1948-1990) | Danzig (1920-1939) | Memel | Lithuania -- Memel (1923) | Saar (1920-1935) | Saar (1947-1959) | Marienwerder (1920) | Germany -- Allenstein (1920) | Upper Silesia (1920-1923) | Schleswig (1920) | Germany -- Occupation of Poland | (1939-1944) | General Gouvernement | Galicia | Poland -- Offices in Danzig (1925-1938) | Germany -- Occupation of Austria | Germany -- Occupation of Luxembourg | Germany -- Occupation of Lithuania | Germany -- Occupation of Bohemia and Moravia | Germany -- Occupation of Czechoslovakia | Post Austro-Hungarian Empire | Hungary | Germany -- Occupation of Ukraine (1941-1943) | Germany -- Occupation of Russia | Postal Laws and Regulations | Postal Service | Postal Unions | Military Mail | Prisoner-of-War and Internee Mail | World War II, 1939-1945 | World War I, 1914-1918 | Air Mail -- Rates | Air Mail -- Dirigible and Zeppelin Mail | Air Mail -- Catapult Mail | Maritime Mail | Railway Mail | Locals and Private Posts | Official Mail | Post Offices | Postal History | Europe | International Mail | Transoceanic Mail | ||
| 999 |
_c1719 _d1719 |
||